000 00624nam a2200193 i 4500
001 22003
003 ES-MaACL
007 t|
008 021129s1933 sp ||||1| spa d
100 1 _aAlemany Selfa, Bernardo.
_919735
245 1 0 _aHistoria de la literatura latina /
_cpor Bernardo Alemany Selfa y Honorio Cortés Rodríguez.
250 _a1ª ed.
260 _aMadrid :
_bHernando,
_c1933.
300 _a158 p. ;
_c25 cm.
505 8 _aContiene: V.I: Períodos preliterario y arcáico
700 1 _aCortés Rodríguez, Honorio.
_940901
740 0 _aPeríodos preliterario y arcáico.
852 _aES-MaACL
_jC-7189
999 _c22003
_d22003